000 01423nam0a22003371 4500
001 RU\INFOCOMM_327\NLR\5000063406
005 20250613112604.0
035 _a(NLR Aleph) 009613940
090 _a9389760
_c9389760
100 _a20130318d1975 |||y0rusy50 ca
101 1 _aeng
_crus
102 _aRU
105 _ay z |||||
200 1 _aIndia: social and economic development, 18th - 20th centuries
_e[Transl. from the Russ. ...]
_fV. Pavlov, V. Rastyannikov, G. Shirokov
_g[Послесл. и общ. ред. д-ра экон. наук Р. А. Ульяновского]
210 _aM.
_c"Progress"
_d1975
215 _a296 с.
_d21 см
225 1 _aProblems of the Third world
300 _aНа обороте тит. л.: В. И. Павлов, В. Г. Растянников, Г. К. Широков. Социально-экономическое развитие Индии (XVIII-XX вв.)
607 _aИндия
_xНародное хозяйство
_2nlr_sh1
607 _aИндия
_xИстория
_z18-20 в.
_2nlr_sh1
620 _aМосква
686 _aУ03(5Ид)63
_2rubbk
686 _aТ3(5Ид)5/6
_2rubbk
700 1 _aPavlov
_bV. I.
_gVladimir Ivanovič
701 1 _aRastjannikov
_bV. G.
_gViktor Georgievič
701 1 _aŠirokov
_bG. K.
_gGlerij Kuz'mič
801 1 _aRU
_bInfocomm
_c20130318
801 0 _aRU
_bINFOCOMM
_gPSBO
852 _aNLR
_jЭк21 Д-3/201
942 _cBOOK
980 _aNB